| 000 | 00639cam a2200193 4500 | ||
|---|---|---|---|
| 001 | D15223 | ||
| 008 | 090401t1968 xxu||||| |||| 00| 0 eng d | ||
| 035 | _a(Sirsi) u21231 | ||
| 041 | _aeng | ||
| 050 | _aRICS 1968/33ABC | ||
| 110 |
_aRoyal Institution of Chartered Surveyors _94900 |
||
| 245 | _aCompensation for compulsory acquisition and planning restrictions: a memorandum submitted to the Ministry of Housing and Local Government; proposals of the Chartered Land Societies Committee | ||
| 260 |
_bCAEAI _c1968 |
||
| 300 | _aiv. 60p | ||
| 350 | _a0.38 | ||
| 520 | _aFiled in box 1968/33 ABC | ||
| 942 | _n0 | ||
| 948 | _c04/03/1997 | ||
| 999 |
_c87942 _d87942 |
||